| 000 | 00695nam a2200241 4500 | ||
|---|---|---|---|
| 003 | OSt | ||
| 005 | 20260601193839.0 | ||
| 008 | 260420b2002 NYUa|||| |||| 00| 0 eng d | ||
| 040 |
_aICI _bspa _cICI |
||
| 050 |
_aTS171 _bS66 |
||
| 100 | 1 | _aEmilia Terragni | |
| 245 | 1 |
_aSpoon / _cproject editor Emilia Terragni |
|
| 264 |
_bPhaidon, _c2002 _aLondon : |
||
| 300 |
_a444 páginas _bilustraciones (principalmente a color) |
||
| 336 |
_atexto _2rdacontent |
||
| 337 |
_asin medio _2rdamedia |
||
| 338 |
_avolumen _2rdacarrier |
||
| 500 | _aReimpresiones: (2004)( | ||
| 650 | _aDiseño industrial | ||
| 650 | _aDiseñadores industriales | ||
| 700 | 1 |
_aTerragni, Emilia, _eeditor |
|
| 942 |
_2lcc _cB |
||
| 999 |
_c21353 _d21353 |
||